[Event "Campeonato de Bizkaia de Prefe"]
[Site "?"]
[Date "????.??.??"]
[Round "1"]
[White "Galzagorri Uli, Yeray"]
[Black "Diaz Herrero, Alvaro"]
[Result "1-0"]
[WhiteElo "2255"]
[BlackElo "2065"]
[PlyCount "69"]
[EventDate "2008.10.18"]
[EventRounds "7"]
[EventCountry "ESP"]

1. e4 c5 2. Nf3 e6 3. Nc3 Nc6 4. d4 cxd4 5. Nxd4 a6 6. g3 Qc7 7. Bg2 Nf6 8.
Nxc6 bxc6 9. O-O h5 10. h3 a5 11. Re1 Ba6 12. e5 Nd5 13. Bd2 Bb4 14. Qf3 Nxc3
15. Bxc3 Rb8 16. a3 Bxc3 17. Qxc3 Qb6 18. b3 Rh6 19. Rad1 f5 20. exf6 Rxf6 21.
Qd2 Qd8 22. Re5 Rb5 23. Rxb5 cxb5 24. Bc6 Rf7 25. Be4 Rf6 26. Bc6 Rf7 27. Be4
Rf6 28. Qd4 Qc7 29. Qd6 Qa7 30. Rd2 g6 31. Bc6 Bc8 32. Bxb5 Qb7 33. a4 h4 34.
Qd4 Rf5 35. Qh8+ 1-0

[Event "Campeonato de Bizkaia de Prefe"]
[Site "?"]
[Date "????.??.??"]
[Round "1"]
[White "Carasa Del Portillo, Mikel"]
[Black "Angulo Martinez, Jon"]
[Result "0-1"]
[WhiteElo "2028"]
[BlackElo "2191"]
[PlyCount "74"]
[EventDate "2008.10.18"]
[EventRounds "7"]
[EventCountry "ESP"]

1. c4 e5 2. g3 Nc6 3. Bg2 f5 4. Nc3 Nf6 5. d3 Bc5 6. e3 a5 7. Nge2 Qe7 8. O-O
d6 9. d4 Ba7 10. d5 Nd8 11. Qa4+ Bd7 12. Qxa5 O-O 13. Nb5 Bxb5 14. Qxb5 Nf7 15.
Qb3 g5 16. Qc2 Nh6 17. b4 Nh5 18. Nc3 f4 19. exf4 gxf4 20. Ne4 Qg7 21. c5 Qg6
22. Qe2 Nf5 23. Bd2 Nd4 24. Qd1 f3 25. Ng5 fxg2 26. Kxg2 h6 27. Ne6 Nxe6 28.
dxe6 Nf4+ 29. Bxf4 exf4 30. Qd5 f3+ 31. Kh1 c6 32. Qxd6 Rad8 33. Qc7 Qxe6 34.
Qxb7 Rf7 35. Qa6 Rd5 36. Qc4 Qh3 37. Rg1 Rh5 0-1

[Event "Campeonato de Bizkaia de Prefe"]
[Site "?"]
[Date "????.??.??"]
[Round "1"]
[White "Sarralde Osua, Rodrigo"]
[Black "Torres Garcia, Koldo"]
[Result "0-1"]
[WhiteElo "2184"]
[BlackElo "2028"]
[PlyCount "108"]
[EventDate "2008.10.18"]
[EventRounds "7"]
[EventCountry "ESP"]

1. e4 c6 2. d4 g6 3. Nc3 Bg7 4. f4 d5 5. e5 Qb6 6. Nf3 Bg4 7. Be2 Nd7 8. O-O
Bxf3 9. Bxf3 e6 10. Qd3 Ne7 11. Be3 Nf5 12. Bf2 h5 13. g3 Qd8 14. a4 g5 15.
fxg5 Qxg5 16. Kh1 h4 17. gxh4 Nxh4 18. Be3 Nxf3 19. Rxf3 Qh5 20. Qe2 O-O-O 21.
Rg3 Qh7 22. Qg2 Bf8 23. Rf1 Be7 24. Rg7 Qh5 25. Rfxf7 Bf8 26. Rg6 c5 27. Rf2
cxd4 28. Bxd4 Bc5 29. Bxc5 Nxc5 30. Rg5 Qh4 31. Qg3 d4 32. Qxh4 Rxh4 33. b4
dxc3 34. bxc5 Rd2 35. Rgg2 Rxf2 36. Rxf2 Rxa4 37. c6 bxc6 38. Re2 a5 39. Kg2
Rd4 40. Kf3 a4 41. Re3 a3 42. Re1 Rd2 43. Rc1 Rxh2 44. Ke3 Rd2 45. Ra1 Rxc2 46.
Rxa3 Rh2 47. Kd4 c2 48. Rc3 Kc7 49. Kc4 Re2 50. Kd4 Rd2+ 51. Ke4 Kb6 52. Ke3
Rh2 53. Kf4 Kb5 54. Kg5 Rf2 0-1

[Event "Campeonato de Bizkaia de Prefe"]
[Site "?"]
[Date "????.??.??"]
[Round "1"]
[White "Urbieta Gabancho, Koldo"]
[Black "Prieto Aranguren, Alain"]
[Result "1-0"]
[WhiteElo "2009"]
[BlackElo "2162"]
[PlyCount "115"]
[EventDate "2008.10.18"]
[EventRounds "7"]
[EventCountry "ESP"]

1. e4 c6 2. d4 g6 3. Nf3 Bg7 4. Bd3 d6 5. h3 Nf6 6. c4 O-O 7. O-O Nbd7 8. Nc3
e5 9. Be3 Re8 10. Re1 Nh5 11. Qd2 Nf8 12. g4 Nf6 13. d5 N8d7 14. b4 c5 15. Nb5
Bf8 16. a3 a6 17. Nc3 a5 18. bxc5 Nxc5 19. Bxc5 dxc5 20. Rab1 Re7 21. Qe3 Re8
22. Bc2 h5 23. g5 Nd7 24. Ba4 Re7 25. Red1 Ra6 26. h4 Re8 27. Kh2 Bd6 28. Bb5
Ra8 29. Na4 f5 30. gxf6 Nxf6 31. Qg5 Ng4+ 32. Kg3 Qxg5 33. Nxg5 Rf8 34. f3 Nf6
35. Nb6 Rb8 36. Rg1 Bc7 37. Nxc8 Rfxc8 38. Ne6 Bd6 39. Kf2 Kf7 40. Rg2 Rg8 41.
Ke3 Be7 42. Ba4 Ne8 43. Bxe8+ Rgxe8 44. Ng5+ Bxg5+ 45. Rxg5 b6 46. a4 Re7 47.
f4 exf4+ 48. Kxf4 Rbe8 49. e5 Rb8 50. Ke4 Kg7 51. Rbg1 Rf8 52. Rxg6+ Kh7 53. e6
Rf2 54. d6 Re2+ 55. Kd5 Rd2+ 56. Kc6 Re8 57. e7 Rc8+ 58. Kd7 1-0

[Event "Campeonato de Bizkaia de Prefe"]
[Site "?"]
[Date "????.??.??"]
[Round "1"]
[White "Celada Fernandez De L., Felipe"]
[Black "Sanz Rodero, Mikel"]
[Result "1/2-1/2"]
[WhiteElo "2138"]
[BlackElo "1974"]
[PlyCount "54"]
[EventDate "2008.10.18"]
[EventRounds "7"]
[EventCountry "ESP"]

1. e4 c5 2. Nf3 Nc6 3. d4 cxd4 4. Nxd4 Nf6 5. Nc3 e6 6. Nxc6 bxc6 7. Bd3 d5 8.
O-O Be7 9. e5 Nd7 10. f4 f5 11. g4 Nc5 12. Be2 O-O 13. Be3 Ba6 14. gxf5 Bxe2
15. Nxe2 exf5 16. Bxc5 Bxc5+ 17. Kh1 Qb6 18. Rb1 Qa6 19. a3 Qc4 20. Qd3 Qe4+
21. Rf3 Bb6 22. Ng3 Qxd3 23. Rxd3 g6 24. Ne2 Kf7 25. Rbd1 Rfd8 26. Kg2 Rab8 27.
b3 Ke6 1/2-1/2

[Event "Campeonato de Bizkaia de Prefe"]
[Site "?"]
[Date "????.??.??"]
[Round "1"]
[White "Cuero Reid, Maximo Javier"]
[Black "Alonso Alonso, Ivan"]
[Result "1-0"]
[WhiteElo "1930"]
[BlackElo "2133"]
[PlyCount "85"]
[EventDate "2008.10.18"]
[EventRounds "7"]
[EventCountry "ESP"]

1. e4 c5 2. a3 e5 3. Bc4 Nf6 4. Nc3 d6 5. f4 Bg4 6. Nf3 exf4 7. d3 Nc6 8. Bxf4
Be7 9. O-O Nd4 10. Ne2 Nxf3+ 11. gxf3 Bh3 12. Rf2 O-O 13. Ng3 Nd7 14. c3 Kh8
15. Qd2 f5 16. Be6 g6 17. Bh6 Rf6 18. Bxd7 Qxd7 19. Bg5 Rf7 20. Bxe7 Qxe7 21.
Qh6 f4 22. Ne2 Bd7 23. Nxf4 Rg8 24. Raf1 Bc6 25. Ng2 d5 26. Ne3 d4 27. cxd4
cxd4 28. Ng4 Rgf8 29. f4 Bb5 30. Ne5 Rg7 31. Rg2 Rfg8 32. Rg4 Qf6 33. Rf3 Rc8
34. h4 Rcg8 35. Kf2 Be8 36. h5 Qb6 37. b4 Qc7 38. hxg6 Qc2+ 39. Kg1 Qc1+ 40.
Kh2 Bxg6 41. Rxg6 Qc2+ 42. Kh3 Qc8+ 43. f5 1-0

[Event "Campeonato de Bizkaia de Prefe"]
[Site "?"]
[Date "????.??.??"]
[Round "1"]
[White "Perez Fernandez, Modesto"]
[Black "De Andres Oterino, Carlos"]
[Result "0-1"]
[WhiteElo "2117"]
[BlackElo "1918"]
[PlyCount "100"]
[EventDate "2008.10.18"]
[EventRounds "7"]
[EventCountry "ESP"]

1. e4 c6 2. d4 d5 3. Nc3 dxe4 4. Nxe4 Nd7 5. Bc4 Ngf6 6. Ng5 e6 7. Qe2 Nb6 8.
Bb3 a5 9. c3 a4 10. Bc2 h6 11. Ne4 Nxe4 12. Bxe4 c5 13. Be3 Nd5 14. Nf3 Nxe3
15. fxe3 Qc7 16. O-O Bd6 17. Rf2 O-O 18. a3 e5 19. g3 Bg4 20. Qb5 Bxf3 21. Rxf3
exd4 22. exd4 cxd4 23. cxd4 Ra5 24. Qd3 g6 25. Raf1 f5 26. Bxf5 Raxf5 27. Rxf5
Rxf5 28. Rxf5 gxf5 29. Qxf5 Qc1+ 30. Kg2 Qxb2+ 31. Kh3 Qxd4 32. Qg6+ Kf8 33.
Qxh6+ Ke8 34. Qh7 Qd5 35. Qc2 Qe6+ 36. Kg2 Qd5+ 37. Kh3 Qh5+ 38. Kg2 Qd5+ 39.
Kh3 Qc6 40. Qd3 Be7 41. g4 Qd6 42. Qb5+ Qd7 43. Qh5+ Kd8 44. Qa5+ Kc8 45. Qa8+
Kc7 46. Qa5+ Kb8 47. Qc3 Qd6 48. Qh8+ Ka7 49. Qe8 Qxa3+ 50. Kg2 Qb4 0-1

[Event "Campeonato de Bizkaia de Prefe"]
[Site "?"]
[Date "????.??.??"]
[Round "1"]
[White "Redondo Maguregui, Juan Manuel"]
[Black "Galarza Docampo, Karmel"]
[Result "0-1"]
[WhiteElo "1656"]
[BlackElo "2078"]
[PlyCount "54"]
[EventDate "2008.10.18"]
[EventRounds "7"]
[EventCountry "ESP"]

1. c4 g6 2. d4 Nf6 3. Nc3 Bg7 4. e4 d6 5. f4 O-O 6. Nf3 c5 7. d5 e6 8. dxe6
fxe6 9. Qc2 Nc6 10. a3 Nd4 11. Qd3 e5 12. fxe5 dxe5 13. Bg5 Qa5 14. O-O-O Bg4
15. Be2 Bxf3 16. Bxf3 Nh5 17. Bxh5 gxh5 18. Rhf1 a6 19. Nd5 b5 20. Be7 Rxf1 21.
Rxf1 b4 22. Bf6 bxa3 23. Ne7+ Kf7 24. Bh4+ Ke8 25. Qxa3 Qxa3 26. bxa3 Rb8 27.
Nd5 Bh6+ 0-1

[Event "Campeonato de Bizkaia de Prefe"]
[Site "?"]
[Date "????.??.??"]
[Round "2"]
[White "De Andres Oterino, Carlos"]
[Black "Galzagorri Uli, Yeray"]
[Result "1-0"]
[WhiteElo "1918"]
[BlackElo "2255"]
[PlyCount "77"]
[EventDate "2008.10.18"]
[EventRounds "7"]
[EventCountry "ESP"]

1. Nf3 c5 2. c4 Nf6 3. Nc3 b6 4. g3 Bb7 5. Bg2 d6 6. O-O Nbd7 7. Re1 e6 8. e4
Be7 9. d4 cxd4 10. Nxd4 Qc7 11. Be3 a6 12. Rc1 O-O 13. f4 Rfe8 14. Bf2 Nf8 15.
e5 dxe5 16. fxe5 N6d7 17. Nd5 exd5 18. cxd5 Qb8 19. Nc6 Bxc6 20. dxc6 Nc5 21.
c7 Qa7 22. Bxa8 Qxa8 23. b4 Ncd7 24. e6 fxe6 25. Rxe6 Nxe6 26. Qxd7 Qc8 27.
Qxe8+ Qxe8 28. c8=Q Qxc8 29. Rxc8+ Kf7 30. a3 a5 31. bxa5 bxa5 32. a4 Bb4 33.
Bb6 Ke7 34. Ra8 Kd7 35. Bxa5 Nc7 36. Bxc7 Bc5+ 37. Kg2 Kxc7 38. Ra5 Kb6 39.
Rxc5 1-0

[Event "Campeonato de Bizkaia de Prefe"]
[Site "?"]
[Date "????.??.??"]
[Round "2"]
[White "Angulo Martinez, Jon"]
[Black "Urbieta Gabancho, Koldo"]
[Result "1-0"]
[WhiteElo "2191"]
[BlackElo "2009"]
[PlyCount "102"]
[EventDate "2008.10.18"]
[EventRounds "7"]
[EventCountry "ESP"]

1. e4 c5 2. Nf3 Nc6 3. d4 cxd4 4. Nxd4 Nf6 5. Nc3 d6 6. Bg5 e6 7. Bc4 Be7 8.
O-O a6 9. Nxc6 bxc6 10. Re1 e5 11. Qd3 O-O 12. Rad1 Ne8 13. Be3 Qa5 14. b4 Qd8
15. a4 Bg5 16. a5 Bxe3 17. Rxe3 Qc7 18. Na4 Qa7 19. Nb6 Rb8 20. c3 Rxb6 21.
axb6 Qxb6 22. Ra1 c5 23. Bxa6 Be6 24. Bc4 cxb4 25. Bxe6 fxe6 26. Rb1 Nf6 27.
Rxb4 Qa5 28. h3 d5 29. Rb5 Qa2 30. Re2 Qa6 31. Rxd5 Qa1+ 32. Qd1 Qxc3 33. Rd8
Qc6 34. Rxf8+ Kxf8 35. Rc2 Qxe4 36. Qd6+ Kf7 37. Rc7+ Kg6 38. Qxe6 Qe1+ 39. Kh2
Qxf2 40. Qxe5 Qh4 41. Kg1 Kh6 42. Qe3+ Kh5 43. Rc5+ Kg6 44. Rc7 h6 45. Qe7 Qd4+
46. Kh1 Ne4 47. Qf7+ Kg5 48. Qxg7+ Qxg7 49. Rxg7+ Kf6 50. Rg8 h5 51. Kh2 h4 1-0

[Event "Campeonato de Bizkaia de Prefe"]
[Site "?"]
[Date "????.??.??"]
[Round "2"]
[White "Galarza Docampo, Karmel"]
[Black "Cuero Reid, Maximo Javier"]
[Result "0-1"]
[WhiteElo "2078"]
[BlackElo "1930"]
[PlyCount "58"]
[EventDate "2008.10.18"]
[EventRounds "7"]
[EventCountry "ESP"]

1. Nf3 b6 2. g3 Bb7 3. Bg2 f5 4. O-O c5 5. b3 Nf6 6. Bb2 Nc6 7. c4 e6 8. d3 Be7
9. Nbd2 O-O 10. e4 fxe4 11. dxe4 Nb4 12. e5 Ne4 13. Ne1 Nxd2 14. Qxd2 Bxg2 15.
Nxg2 Qc7 16. Rfd1 Rad8 17. Qe2 Qc6 18. a3 Na6 19. Rd2 Rf3 20. Rd3 Rdf8 21. Rxf3
Rxf3 22. Ne3 Qe4 23. Rd1 Nb8 24. Rd3 Bg5 25. Bc1 Nc6 26. Rxd7 Nxe5 27. Rxa7 Nd3
28. Ra8+ Kf7 29. Ra7+ Kg6 0-1

[Event "Campeonato de Bizkaia de Prefe"]
[Site "?"]
[Date "????.??.??"]
[Round "2"]
[White "Sanz Rodero, Mikel"]
[Black "Sarralde Osua, Rodrigo"]
[Result "1/2-1/2"]
[WhiteElo "1974"]
[BlackElo "2184"]
[PlyCount "98"]
[EventDate "2008.10.18"]
[EventRounds "7"]
[EventCountry "ESP"]

1. e4 c5 2. Nf3 e6 3. d4 cxd4 4. Nxd4 a6 5. Bd3 Bc5 6. Nb3 Ba7 7. Nc3 Nc6 8.
Qe2 d6 9. Be3 Bxe3 10. Qxe3 Nf6 11. f4 Qc7 12. O-O-O O-O 13. Rhg1 b5 14. g4 b4
15. Ne2 Bb7 16. g5 Nd7 17. Kb1 Rfc8 18. h4 Nf8 19. h5 a5 20. f5 a4 21. Nd2 b3
22. cxb3 Nb4 23. Rc1 Qd7 24. a3 Nxd3 25. Qxd3 axb3 26. Rxc8 Rxc8 27. Rc1 exf5
28. exf5 Qa4 29. Qxb3 Qxb3 30. Nxb3 Be4+ 31. Ka2 Rxc1 32. Nbxc1 Bxf5 33. Nd4
Be4 34. b4 Ne6 35. Nxe6 fxe6 36. a4 h6 37. gxh6 gxh6 38. b5 Kf8 39. Kb3 Ke8 40.
Kb4 Kd8 41. a5 Kc7 42. Ne2 e5 43. a6 Bf3 44. Ng3 Kb6 45. Nf5 d5 46. Nxh6 Bxh5
47. Nf5 Be8 48. Ne3 Bxb5 49. Nxd5+ Kxa6 1/2-1/2

[Event "Campeonato de Bizkaia de Prefe"]
[Site "?"]
[Date "????.??.??"]
[Round "2"]
[White "Prieto Aranguren, Alain"]
[Black "Wu Martin, Eneko"]
[Result "0-1"]
[WhiteElo "2162"]
[BlackElo "2068"]
[PlyCount "102"]
[EventDate "2008.10.18"]
[EventRounds "7"]
[EventCountry "ESP"]

1. d4 Nf6 2. Nf3 b6 3. Bf4 Bb7 4. e3 e6 5. h3 Be7 6. Nbd2 d6 7. Bd3 Nbd7 8. O-O
O-O 9. c3 c5 10. Qc2 h6 11. Rad1 Qc7 12. Bh2 a6 13. a4 Qc6 14. e4 c4 15. Nxc4
Nxe4 16. Bxe4 Qxe4 17. Qxe4 Bxe4 18. Nxd6 Bc2 19. Ra1 Nf6 20. Rfe1 Rfd8 21. Nc4
Nd5 22. Ne3 Nxe3 23. fxe3 Rac8 24. e4 Rc4 25. Nd2 Rdc8 26. Bf4 b5 27. axb5 axb5
28. Rac1 Bd3 29. Re3 Rxd4 30. cxd4 Rxc1+ 31. Kh2 Bc4 32. b3 Bf1 33. Nf3 b4 34.
d5 g5 35. d6 Bd8 36. Bg3 Rc2 37. Ne1 Rd2 38. e5 h5 39. h4 gxh4 40. Bf4 Rd4 41.
Rf3 Bb5 42. Nc2 Re4 43. Kh3 Kf8 44. Bh6+ Ke8 45. Re3 Rg4 46. Rf3 Bc6 47. Rd3
Bxg2+ 48. Kh2 Kd7 49. Ne3 Rg3 50. Rd4 Bc6 51. Rxh4 Bxh4 0-1

[Event "Campeonato de Bizkaia de Prefe"]
[Site "?"]
[Date "????.??.??"]
[Round "2"]
[White "Alonso Alonso, Ivan"]
[Black "Carasa Del Portillo, Mikel"]
[Result "1/2-1/2"]
[WhiteElo "2133"]
[BlackElo "2028"]
[PlyCount "106"]
[EventDate "2008.10.18"]
[EventRounds "7"]
[EventCountry "ESP"]

1. e4 c5 2. Nf3 g6 3. d4 cxd4 4. Nxd4 Nc6 5. Nxc6 bxc6 6. Qd4 Nf6 7. e5 Nd5 8.
e6 Nf6 9. exd7+ Bxd7 10. Bc4 Bg7 11. O-O O-O 12. Qc5 Ne4 13. Qe3 Bf5 14. c3 Qb6
15. Qxb6 axb6 16. Be3 b5 17. Bb3 b4 18. f3 bxc3 19. Nxc3 Nxc3 20. bxc3 Rfd8 21.
Rac1 Rd3 22. Kf2 Be6 23. Rfd1 Rxd1 24. Rxd1 Bxc3 25. Rc1 Bxb3 26. axb3 Ra2+ 27.
Kg3 Be5+ 28. f4 Bd6 29. Rxc6 f6 30. Kf3 Rb2 31. Rb6 Kf7 32. h4 h5 33. g3 Rb1
34. Bf2 Ke8 35. Rb5 Kd7 36. f5 gxf5 37. Rxf5 Rxb3+ 38. Kg2 Ke6 39. Rxh5 Kf7 40.
Ra5 Kg6 41. g4 Bc7 42. Ra7 Bd6 43. Ra5 Kh6 44. g5+ fxg5 45. Rxg5 Bf4 46. Rg4 e5
47. Rg8 Rd3 48. Rf8 Kg7 49. Rf5 Rb3 50. h5 Rd3 51. Bc5 Rg3+ 52. Kf2 Rg5 53.
Bf8+ Kg8 1/2-1/2

[Event "Campeonato de Bizkaia de Prefe"]
[Site "?"]
[Date "????.??.??"]
[Round "2"]
[White "Diaz Herrero, Alvaro"]
[Black "Perez Fernandez, Modesto"]
[Result "1-0"]
[WhiteElo "2065"]
[BlackElo "2117"]
[PlyCount "53"]
[EventDate "2008.10.18"]
[EventRounds "7"]
[EventCountry "ESP"]

1. e4 c5 2. Nc3 Nc6 3. g3 d6 4. Bg2 g6 5. d3 Bg7 6. Be3 e6 7. Qd2 Qa5 8. Nge2
Nd4 9. Nc1 Ne7 10. O-O O-O 11. Nb3 Qc7 12. Nd1 Bd7 13. Nc1 Rac8 14. c3 Ndc6 15.
Ne2 b5 16. f4 Nd8 17. Nf2 d5 18. d4 c4 19. g4 dxe4 20. Nxe4 Bc6 21. N2g3 Qd7
22. f5 exf5 23. gxf5 f6 24. Nc5 Qe8 25. d5 Ba8 26. d6 Bxg2 27. d7 1-0

[Event "Campeonato de Bizkaia de Prefe"]
[Site "?"]
[Date "????.??.??"]
[Round "3"]
[White "Cuero Reid, Maximo Javier"]
[Black "Angulo Martinez, Jon"]
[Result "0-1"]
[WhiteElo "1930"]
[BlackElo "2191"]
[PlyCount "88"]
[EventDate "2008.10.18"]
[EventRounds "7"]
[EventCountry "ESP"]

1. e4 c5 2. Nf3 Nc6 3. a3 g6 4. Nc3 Bg7 5. Nd5 e6 6. Ne3 d5 7. exd5 exd5 8. Bb5
Nge7 9. O-O O-O 10. Re1 a6 11. Bf1 b5 12. g3 d4 13. Ng2 Bg4 14. d3 h6 15. Be2
Bc8 16. Nd2 Ra7 17. Nf4 Ne5 18. a4 Rc7 19. axb5 axb5 20. Ra8 Qd7 21. Nf3 Qc6
22. Rxc8 Nxc8 23. Nxe5 Bxe5 24. Bf3 Qd6 25. Nd5 Ra7 26. Bxh6 Bg7 27. Qd2 Nb6
28. Bf4 Qd8 29. Bg5 f6 30. Nxb6 Qxb6 31. Bd5+ Kh7 32. Bf4 Qd8 33. Bb3 g5 34.
Qe2 gxf4 35. Qh5+ Bh6 36. Bd5 f5 37. Re6 Qg5 38. Qe2 Rg7 39. Qe5 fxg3 40. hxg3
Rg6 41. Re7+ Bg7 42. Qc7 Rh6 43. Kg2 Kh8 44. Rf7 f4 0-1

[Event "Campeonato de Bizkaia de Prefe"]
[Site "?"]
[Date "????.??.??"]
[Round "3"]
[White "De Andres Oterino, Carlos"]
[Black "Torres Garcia, Koldo"]
[Result "1-0"]
[WhiteElo "1918"]
[BlackElo "2028"]
[PlyCount "63"]
[EventDate "2008.10.18"]
[EventRounds "7"]
[EventCountry "ESP"]

1. Nf3 c5 2. c4 Nc6 3. d4 cxd4 4. Nxd4 Nf6 5. Nc3 g6 6. e4 Bg7 7. Be3 O-O 8.
Be2 d6 9. O-O Bd7 10. Qd2 a6 11. f4 Ng4 12. Bxg4 Bxg4 13. h3 Bd7 14. Rac1 Re8
15. Nd5 e5 16. Nxc6 Bxc6 17. Bb6 Qh4 18. Nc7 Bxe4 19. Nxa8 Rxa8 20. Qf2 Qh5 21.
Rce1 Bd3 22. fxe5 Bxf1 23. Rxf1 dxe5 24. Qxf7+ Kh8 25. Qxb7 Re8 26. Qd7 g5 27.
Qf7 Qxf7 28. Rxf7 e4 29. Rf2 Rb8 30. Be3 Bxb2 31. Bxg5 Rb4 32. Rxb2 1-0

[Event "Campeonato de Bizkaia de Prefe"]
[Site "?"]
[Date "????.??.??"]
[Round "3"]
[White "Galzagorri Uli, Yeray"]
[Black "Sanz Rodero, Mikel"]
[Result "1-0"]
[WhiteElo "2255"]
[BlackElo "1974"]
[PlyCount "89"]
[EventDate "2008.10.18"]
[EventRounds "7"]
[EventCountry "ESP"]

1. c4 e5 2. Nf3 Nc6 3. Nc3 g6 4. d4 exd4 5. Nxd4 Bg7 6. Nxc6 bxc6 7. g3 Ne7 8.
Bg2 O-O 9. O-O d6 10. Bg5 f6 11. Bf4 Be6 12. Qa4 f5 13. Rac1 Rb8 14. b3 c5 15.
Qxa7 Bd7 16. Bg5 Bf6 17. Bxf6 Rxf6 18. Nd5 Nxd5 19. Bxd5+ Be6 20. Bg2 f4 21.
Qa5 Qd7 22. Qd2 Rbf8 23. a4 Bh3 24. Qd5+ Be6 25. Qc6 Qc8 26. a5 Bh3 27. Bxh3
Qxh3 28. a6 g5 29. Qg2 Qxg2+ 30. Kxg2 f3+ 31. exf3 Rxf3 32. Rb1 g4 33. Rb2 Kf7
34. Ra1 Ra8 35. a7 Ke6 36. h3 h5 37. hxg4 hxg4 38. b4 cxb4 39. Rxb4 Rff8 40.
Rb5 c5 41. Rb7 Rf7 42. Rxf7 Kxf7 43. f3 gxf3+ 44. Kxf3 Ke6 45. Ke4 1-0

[Event "Campeonato de Bizkaia de Prefe"]
[Site "?"]
[Date "????.??.??"]
[Round "3"]
[White "Wu Martin, Eneko"]
[Black "Redondo Maguregui, Juan Manuel"]
[Result "1-0"]
[WhiteElo "2068"]
[BlackElo "1656"]
[PlyCount "43"]
[EventDate "2008.10.18"]
[EventRounds "7"]
[EventCountry "ESP"]

1. e4 c5 2. Nf3 d6 3. d4 cxd4 4. Nxd4 Nf6 5. Nc3 g6 6. Be3 Bg7 7. f3 O-O 8. Qd2
Nc6 9. Bc4 Bd7 10. O-O-O a6 11. Kb1 b5 12. Bb3 Na5 13. g4 Nxb3 14. axb3 b4 15.
Nd5 a5 16. h4 Be6 17. Nc6 Qd7 18. Ncxe7+ Kh8 19. h5 a4 20. h6 Rfd8 21. hxg7+
Kxg7 22. Nxf6 1-0

[Event "Campeonato de Bizkaia de Prefe"]
[Site "?"]
[Date "????.??.??"]
[Round "3"]
[White "Sarralde Osua, Rodrigo"]
[Black "Alonso Alonso, Ivan"]
[Result "1-0"]
[WhiteElo "2184"]
[BlackElo "2133"]
[PlyCount "79"]
[EventDate "2008.10.18"]
[EventRounds "7"]
[EventCountry "ESP"]

1. e4 c5 2. Nf3 Nc6 3. Bb5 e6 4. O-O Nge7 5. b3 a6 6. Bxc6 Nxc6 7. Bb2 d6 8. d4
cxd4 9. Nxd4 e5 10. Nxc6 bxc6 11. c4 Be7 12. c5 O-O 13. cxd6 Bxd6 14. Nd2 Qe7
15. Rc1 Rd8 16. Qe2 Bb7 17. Nc4 a5 18. Rfd1 Ba6 19. Qc2 Bc7 20. Qc3 Bxc4 21.
Qxc4 Rxd1+ 22. Rxd1 Rd8 23. Rxd8+ Qxd8 24. g3 Qd6 25. Bc1 h5 26. Be3 Bd8 27. a4
h4 28. Kg2 hxg3 29. hxg3 g6 30. Bc5 Qd7 31. b4 axb4 32. Qxb4 Kh7 33. Qc3 Qc7
34. Qc4 Kg7 35. Bb4 Qb6 36. a5 Qb5 37. Qxb5 cxb5 38. a6 Bb6 39. Bd2 b4 40. Bxb4
1-0

[Event "Campeonato de Bizkaia de Prefe"]
[Site "?"]
[Date "????.??.??"]
[Round "4"]
[White "Angulo Martinez, Jon"]
[Black "De Andres Oterino, Carlos"]
[Result "1-0"]
[WhiteElo "2191"]
[BlackElo "1918"]
[PlyCount "123"]
[EventDate "2008.10.18"]
[EventRounds "7"]
[EventCountry "ESP"]

1. e4 c6 2. d4 d5 3. Nc3 dxe4 4. Nxe4 Nd7 5. Nf3 Ngf6 6. Ned2 g6 7. g3 b6 8.
Bg2 Bb7 9. c4 Bg7 10. O-O O-O 11. Nb3 a5 12. Rb1 a4 13. Nbd2 b5 14. Ne5 Qb6 15.
c5 Qc7 16. Ndf3 Nd5 17. Re1 N7f6 18. Bd2 Bc8 19. Qe2 Bf5 20. Rbc1 Be4 21. g4
Bxf3 22. Qxf3 Rad8 23. Bg5 h6 24. Bh4 Qc8 25. Bg3 h5 26. h3 hxg4 27. hxg4 Nh7
28. Qe2 Nhf6 29. f4 e6 30. Qf2 Nd7 31. Bh4 Rde8 32. Rf1 Nxe5 33. fxe5 Bh6 34.
g5 Bg7 35. Bxd5 exd5 36. Qf3 Qe6 37. Be1 Ra8 38. Rc2 Rfe8 39. Rcf2 Rf8 40. Qg3
Rfc8 41. Qh4 Kf8 42. Qf4 Rc7 43. Rf3 Ke8 44. Qg3 Re7 45. Bd2 Kd8 46. Re1 Re8
47. Ref1 Rf8 48. Re1 Re8 49. Qf2 Qg4+ 50. Kf1 Rh8 51. Ree3 Rh1+ 52. Ke2 Ra7 53.
Kd3 Qg1 54. Qxg1 Rxg1 55. e6 fxe6 56. Rxe6 Rg4 57. Be3 Re7 58. Rxc6 Rd7 59.
Rxg6 Rg2 60. c6 Re7 61. Bd2 Rg4 62. Ba5+ 1-0

[Event "Campeonato de Bizkaia de Prefe"]
[Site "?"]
[Date "????.??.??"]
[Round "4"]
[White "Diaz Herrero, Alvaro"]
[Black "Celada Fernandez De L., Felipe"]
[Result "1-0"]
[WhiteElo "2065"]
[BlackElo "2138"]
[PlyCount "107"]
[EventDate "2008.10.18"]
[EventRounds "7"]
[EventCountry "ESP"]

1. e4 c5 2. Nf3 e6 3. d4 cxd4 4. Nxd4 Nf6 5. Nc3 d6 6. Bg5 Be7 7. f4 Nc6 8.
Nxc6 bxc6 9. e5 dxe5 10. Qxd8+ Bxd8 11. fxe5 Nd5 12. Bxd8 Kxd8 13. O-O-O Ke7
14. Ne4 Nb6 15. Nc5 Nd7 16. Nxd7 Bxd7 17. Be2 Rab8 18. Rd2 Rb7 19. c4 c5 20.
Bf3 Rb4 21. b3 Rc8 22. Rhd1 Be8 23. Kc2 Rcb8 24. Rd6 R4b6 25. Rxb6 Rxb6 26. Be4
h6 27. Rd3 f6 28. exf6+ gxf6 29. Rh3 h5 30. Bf3 Bg6+ 31. Kc3 Ra6 32. a4 Rd6 33.
Bxh5 Bf5 34. Rg3 e5 35. Be2 e4 36. Re3 Ke6 37. g4 Bg6 38. Rh3 Ke5 39. Rh6 Be8
40. g5 f5 41. Rxd6 Kxd6 42. h4 a5 43. h5 f4 44. Bg4 Ke5 45. Kd2 Bc6 46. Ke2 Kd4
47. g6 f3+ 48. Ke1 Be8 49. Be6 e3 50. g7 f2+ 51. Kf1 Bxh5 52. g8=Q Kd3 53. Qh7+
Kd2 54. Qxh5 1-0

[Event "Campeonato de Bizkaia de Prefe"]
[Site "?"]
[Date "????.??.??"]
[Round "4"]
[White "Torres Garcia, Koldo"]
[Black "Wu Martin, Eneko"]
[Result "1-0"]
[WhiteElo "2028"]
[BlackElo "2068"]
[PlyCount "127"]
[EventDate "2008.10.18"]
[EventRounds "7"]
[EventCountry "ESP"]

1. d4 Nf6 2. Nf3 b6 3. e3 Bb7 4. Bd3 e6 5. O-O Be7 6. Nbd2 d6 7. e4 Nbd7 8. Qe2
O-O 9. e5 dxe5 10. dxe5 Nd5 11. Qe4 g6 12. Qg4 Nb4 13. Ne4 Nxd3 14. cxd3 Bxe4
15. dxe4 c5 16. Bf4 Qc7 17. Rac1 Rfd8 18. Qh3 Nf8 19. Qh6 Rd3 20. h4 c4 21. h5
b5 22. Ng5 Qd7 23. hxg6 fxg6 24. g3 Rc8 25. Kg2 Bxg5 26. Bxg5 Qf7 27. Bf6 Nd7
28. Rh1 Rc7 29. Qg5 Nf8 30. Rh4 a5 31. Rf4 Qd7 32. Rh1 b4 33. Qh6 Qe8 34. Rc1
a4 35. Rxc4 Qb8 36. Bh8 Rdd7 37. Rxc7 Rxc7 38. Bf6 Rf7 39. Qg5 Qb7 40. Qg4 Qc7
41. Qe2 Qc6 42. Qd2 b3 43. axb3 axb3 44. Qb4 Rb7 45. Qa3 Nd7 46. Qa8+ Nb8 47.
Qa5 Qb6 48. Qc3 Qc6 49. Qd3 Qd7 50. Qf3 Qe8 51. Bg5 Nc6 52. Bh6 Rf7 53. Rxf7
Qxf7 54. Qxb3 Qd7 55. Qb5 Kf7 56. Qc5 Ne7 57. Bg5 Nc6 58. b4 Qb7 59. b5 Na7 60.
b6 Qxe4+ 61. Kh2 Nc6 62. Bf6 Ke8 63. b7 Kd7 64. Qxc6+ 1-0

[Event "Campeonato de Bizkaia de Prefe"]
[Site "?"]
[Date "????.??.??"]
[Round "4"]
[White "Sarralde Osua, Rodrigo"]
[Black "Cuero Reid, Maximo Javier"]
[Result "1-0"]
[WhiteElo "2184"]
[BlackElo "1930"]
[PlyCount "37"]
[EventDate "2008.10.18"]
[EventRounds "7"]
[EventCountry "ESP"]

1. e4 e6 2. d4 d6 3. Nc3 a6 4. a4 c6 5. f4 Nd7 6. Nf3 Ndf6 7. Bd3 b6 8. O-O Bb7
9. e5 Ng4 10. Qe2 g6 11. Bd2 h5 12. Rae1 Be7 13. exd6 Qxd6 14. Ne4 Qc7 15. Neg5
Bd6 16. Nxe6 fxe6 17. Qxe6+ Ne7 18. Ng5 Bc8 19. Bxg6+ 1-0

[Event "Campeonato de Bizkaia de Prefe"]
[Site "?"]
[Date "????.??.??"]
[Round "4"]
[White "Prieto Aranguren, Alain"]
[Black "Sanz Rodero, Mikel"]
[Result "1-0"]
[WhiteElo "2162"]
[BlackElo "1974"]
[PlyCount "43"]
[EventDate "2008.10.18"]
[EventRounds "7"]
[EventCountry "ESP"]

1. Nc3 c5 2. f4 d5 3. e4 dxe4 4. Nxe4 e6 5. Nf3 Nf6 6. Nxf6+ Qxf6 7. g3 Nc6 8.
Bg2 Bd6 9. O-O Nd4 10. Re1 Nxf3+ 11. Qxf3 O-O 12. Rb1 Rb8 13. b3 b6 14. Bb2 Qd8
15. Qc3 f6 16. Re2 Re8 17. Rbe1 e5 18. fxe5 Rxe5 19. Rxe5 fxe5 20. Rxe5 Qf8 21.
Bd5+ Kh8 22. Re8 1-0